000 00496nam a2200193 a 4500
001 2403
003 CO-ViMGA
008 141112s2004 ck r 000 u spa d
040 _aCO-ViMGA
_bspa
_cCO-ViMGA
082 0 4 _a107 M676
100 1 _aMoses Guzmán, Luis Eduardo
245 1 0 _aFilosofia 10
260 _aSantafé de Bogotá :
_bEducar,
_c1996
300 _a159 p : il
505 _aFilosofía 10
590 _aEjemplares : 01
650 1 4 _aFILOSOFIA - LIBROS DE TEXTO
942 _2ddc
_cBK
999 _c14502
_d14502